000 00557nam a2200145Ia 4500
008 140724s9999 xx 000 0 und d
050 _aBF 576
_b.B171 2014
100 _aBalangbang, Jamia Mae M.
245 _aInterpersonal styles profile and levels of self-acceptance of the selected high school students of Philippine School for the deaf /
_cJamia Mae M. Balangbang.
260 _aLas PiƱas, Philippines :
_bSouthville International School and Colleges,
_cc2014.
300 _a63 p. :
_c28 cm.
521 _aPsychology
942 _cTH
999 _c229304
_d229304